La Sociedad de la Nieve - Statistics

General Stats
  • This quiz has been taken 24 times
  • The average score is 14 of 22
Answer Stats
Hint Answer % Correct
Enzo Vogrincic Numa Turcatti
100%
Agustín Pardella Fernando Parrado
94%
Matías Recalt Roberto Canessa
88%
Diego Vegezzi Marcelo Pérez del Castillo
76%
Esteban Kukuriczka Adolfo Strauch
71%
Agustín Della Corte Antonio Vizintín
71%
Felipe Gonzalez Otaño Carlitos Miguel Páez
71%
Juan Caruso Álvaro Mangino
65%
Francisco Romero Daniel Fernández
65%
Blas Polidori Gustavo Nicolich
65%
Simón Hempe José Luis Inciarte
65%
Paula Baldini Liliana Methol
65%
Rafael Federman Eduardo Strauch
59%
Rocco Posca Ramón Sabella
59%
Valentino Alonso Alfredo Delgado
53%
Tomás Wolf Gustavo Zerbino
53%
Agustín Berruti Roberto François
53%
Agustín Lain Carlos Valeta
47%
Esteban Bigliardi Javier Methol
47%
Andy Pruss Roy Harley
47%
Fernando Contigiani García Arturo Nogueira
41%
Santiago Vaca Narvaja Daniel Maspons
41%
No matching quizzes found
Score Distribution
Percent of People with Each Score
Percentile by Number Answered
Your Score History
You have not taken this quiz